000 00921nam a2200253 a 4500
001 000005379
005 20200929151647.0
008 090819s1986 sp 001 0 spa d
020 _z8400063119
040 _aDO-SdBNP
_bspa
_cBNPHU
082 _a016.22
_bR369b
100 1 _aReinhardt Klaus
_915260
245 1 0 _aBiblioteca bíblica ibérica medieval /
_cKlaus Reinhardt, Horacio Santiago Otero.
260 _aMadrid, España :
_bConsejo Superior de Investigaciones Científicas,
_c1986.
300 _a380 p. ;
_c25 cm.
490 1 _aMedievalia et humanistica ;
_v1
490 1 _aNomenclator de autores medievales hispanos ;
_v1
500 _aIncluye tabla de contenido e índice temático
650 4 _aBiblia
_xBibliografia
_915261
700 1 2 _aSantiago Otero, Horacio
_915262
830 0 _aMedievalia et humanistica ;
_n1
_915263
830 0 _aNomenclator de autores mediavales hispanos ;
_915264
049 _aBNPD
999 _c5179
_d5179